| 000 | 00790nam a2200229Ia 4500 | ||
|---|---|---|---|
| 005 | 20251204145534.0 | ||
| 008 | 210716s2003 xx 000 0 und d | ||
| 020 | _a8178089068 | ||
| 040 | _cAIMIT LIBRARY | ||
| 041 | _aeng | ||
| 082 |
_a006.321 _21 _bYENJ |
||
| 100 |
_aYen, John. _9247619 |
||
| 245 |
_aFuzzy logic : _bintelligence control and information / _cBy John Yen and Reza Langari. |
||
| 250 | _a1st ed. | ||
| 260 |
_aNew Delhi : _bPearson Education , _c2003. |
||
| 300 |
_axxiv,548p. ; _bPB _c25.4 cm |
||
| 650 |
_aBasic concepts of fuzzy logic _9247620 |
||
| 650 |
_aFuzzy relations fuzzy graphs and fuzzy arithmetic _9247621 |
||
| 650 |
_aAdvanced topics of fuzzy model identiication _9247622 |
||
| 700 |
_aLangari, Reza. _9247623 |
||
| 942 |
_2ddc _cBK _e1st _k006.321 YENJ |
||
| 999 |
_c185516 _d185516 |
||